000 01235cam a2200301 i 4500
999 _c529331
_d529331
001 1743728
003 NUST
005 20190924125847.0
008 750722s1975 dcua b f000 0 eng
010 _a 75013909
020 _a0309023092 :
_c$3.60
038 _aMSOHAIL
040 _aDLC
_cDLC
_dDLC
050 0 0 _aTE278
_b.N38 1975
082 0 0 _a625.84
110 2 _aNational Research Council (U.S.).
_bTransportation Research Board.
_919676
245 1 0 _aPCC pavements for low-volume roads and city streets :
_bresearch sponsored by the American Association of State Highway and Transportation Officials in cooperation with the Federal Highway Administration.
260 _aWashington :
_bTransportation Research Board, National Research Council,
_c1975.
300 _a31 p. :
_bill. ;
_c28 cm.
440 0 _aSynthesis of highway practice ;
_v27
_921209
504 _aIncludes bibliographical references.
650 0 _aPavements, Concrete.
_920053
650 0 _aLow-volume roads.
_921210
710 2 _aAmerican Association of State Highway and Transportation Officials.
_919553
710 1 _aUnited States.
_bFederal Highway Administration.
_920149
906 _a7
_bcbc
_corignew
_d2
_eocip
_f19
_gy-gencatlg
942 _2ddc
_cBK